| 000 | 00381nam a2200157Ia 4500 | ||
|---|---|---|---|
| 003 | OSt | ||
| 005 | 20240117123248.0 | ||
| 008 | 170524s9999 xx 000 0 und d | ||
| 020 | _a9788126521647 | ||
| 040 | _cIIMT UNIVERSITY | ||
| 100 | _aBurke -Rory | ||
| 100 | _c2009 | ||
| 245 | 0 | _aPROJECT MANAGEMENT:PLANNING AND CONTROL TECHNIQUES | |
| 260 | _aWiley India | ||
| 942 |
_2ddc _c02 |
||
| 999 |
_c2507 _d2507 |
||